|
|
|
|
| LEADER |
00000cam a22000004a 4500 |
| 001 |
musev2_31368 |
| 003 |
MdBmJHUP |
| 005 |
20230905043320.0 |
| 006 |
m o d |
| 007 |
cr||||||||nn|n |
| 008 |
131105s2014 miu o 00 0 eng d |
| 010 |
|
|
|z 2013954617
|
| 020 |
|
|
|a 9780814340165
|
| 020 |
|
|
|z 9780814340158
|
| 035 |
|
|
|a (OCoLC)884534711
|
| 040 |
|
|
|a MdBmJHUP
|c MdBmJHUP
|
| 100 |
1 |
|
|a Mozina, Andrew,
|d 1963-
|
| 240 |
1 |
0 |
|a Short stories.
|k Selections
|
| 245 |
1 |
0 |
|a Quality Snacks /
|c by Andy Mozina.
|
| 264 |
|
1 |
|a Detroit, Michigan :
|b Wayne State University Press,
|c [2014]
|
| 264 |
|
3 |
|a Baltimore, Md. :
|b Project MUSE,
|c 2014
|
| 264 |
|
4 |
|c ©[2014]
|
| 300 |
|
|
|a 1 online resource (224 pages).
|
| 336 |
|
|
|a text
|b txt
|2 rdacontent
|
| 337 |
|
|
|a computer
|b c
|2 rdamedia
|
| 338 |
|
|
|a online resource
|b cr
|2 rdacarrier
|
| 490 |
0 |
|
|a Made in Michigan writers series
|
| 505 |
0 |
0 |
|t Dogs I have known --
|t Pelvis --
|t Overpass --
|t Proofreader --
|t Seance --
|t A talented individual --
|t Helmet of ice --
|t Quality snacks --
|t Self-reliance --
|t Woman of peace --
|t My nonsexual affair --
|t Windows reflect some light --
|t The bad reader --
|t Always the same dream --
|t No joy in Santa's village.
|
| 520 |
|
|
|a Stories about the pursuit of all kinds of gratification-from cheap and immoral to expensive and emotionally satisfying.
|
| 588 |
|
|
|a Description based on print version record.
|
| 650 |
|
7 |
|a Amerikanisches Englisch
|2 gnd
|
| 650 |
|
7 |
|a Kurzgeschichte
|2 gnd
|
| 650 |
|
7 |
|a Short stories, American.
|2 fast
|0 (OCoLC)fst01117064
|
| 650 |
|
6 |
|a Nouvelles americaines
|y 21e siecle.
|
| 650 |
|
0 |
|a Short stories, American
|y 21st century.
|
| 655 |
|
7 |
|a Short stories.
|2 lcgft
|0 http://id.loc.gov/authorities/genreForms/gf2014026542
|0 (uri) http://id.loc.gov/authorities/genreForms/gf2014026542
|
| 655 |
|
7 |
|a Short stories.
|2 gsafd
|
| 655 |
|
7 |
|a Electronic books.
|2 local
|
| 700 |
1 |
2 |
|a Mozina, Andrew,
|d 1963-
|t Dogs I have known.
|
| 710 |
2 |
|
|a Project Muse.
|e distributor
|
| 830 |
|
0 |
|a Book collections on Project MUSE.
|
| 856 |
4 |
0 |
|z Texto completo
|u https://projectmuse.uam.elogim.com/book/31368/
|
| 945 |
|
|
|a Project MUSE - Custom Collection
|
| 945 |
|
|
|a Project MUSE - 2014 US Regional Studies, Midwest
|
| 945 |
|
|
|a Project MUSE - 2014 Complete
|